El empleo del riego por aspersión
| Main Author: | |
|---|---|
| Format: | Section = Libro |
| Language: | Undetermined Spanish |
| Published: |
Nicaragua
[s.e.]
2013
|
| Subjects: |
| LEADER | 00601nam a2200229Ia 4500 | ||
|---|---|---|---|
| 008 | 240830s9999 xx 000 0 und d | ||
| 020 | |a 978-99924-1-020-2 | ||
| 040 | |a B-ESTELÍ- RUACS / 631.587 P642 | ||
| 041 | |a spa | ||
| 082 | |a 631.587 P642 | ||
| 100 | 1 | |a García, Radames | |
| 245 | 1 | 0 | |a El empleo del riego por aspersión |
| 260 | |a Nicaragua |b [s.e.] |c 2013 | ||
| 300 | |a 143 P. | ||
| 650 | 7 | |a HONGOS PATOGENOS | |
| 650 | 7 | |b BACTERIAS | |
| 650 | 7 | |c PRIONES | |
| 650 | 7 | |d ENFERMEDADESDE MICROBACTERIANA | |
| 650 | 7 | |e EDUCACIÓN SUPERIOR . | |
| 942 | |c BK |2 ddc | ||
| 991 | |a TEXTO | ||
| 999 | |c 11329 | ||